000
00267nam a22001097a 4500
082
_a
910/HUS
100
_a
Husain,Majid
_9
73243
245
_a
India And World Geography
260
_a
Chennai
_b
McGraw Hill Education India pvt.
_c
2022
650
_a
Geography
942
_c
BK
999
_c
66205
_d
66205